|
|
|
|
| LEADER |
01031nam a2200265 4500 |
| 001 |
c000074442 |
| 003 |
CARM |
| 005 |
20221120224608.0 |
| 008 |
730628s1972 enk 000 1 eng |
| 019 |
1 |
|
|a 545057
|5 LACONCORD2021
|
| 020 |
|
|
|a 0091099706
|
| 035 |
|
|
|a (OCoLC)672529
|5 LACONCORD2021
|
| 040 |
|
|
|a LC
|b eng
|c LC
|d LC
|
| 050 |
0 |
0 |
|a PZ4.J473
|b Man
|a PR6060.E43
|
| 082 |
0 |
0 |
|a 823/.9/14
|
| 100 |
1 |
|
|a Ashford, Jeffrey,
|d 1926-
|
| 245 |
1 |
2 |
|a A man will be kidnapped tomorrow /
|c [by] Jeffrey Ashford.
|
| 260 |
|
|
|a London :
|b Long,
|c 1972.
|
| 300 |
|
|
|a 184 p. ;
|c 20 cm.
|
| 655 |
|
7 |
|a Detective and mystery stories.
|2 lcsh
|
| 852 |
8 |
|
|b CARM
|h A2:AO04G0
|i A01236
|p 0116762
|f BK
|
| 852 |
8 |
|
|b CARM
|h A3:AF38B0
|i B11975
|p 0583146
|z dup copy
|f BK
|
| 999 |
f |
f |
|i 76aef52f-6d77-5517-ba30-3ca8b6be8c07
|s 2b730dfb-eaa9-5a3b-8566-004a3c920152
|
| 952 |
f |
f |
|p Can circulate
|a CAVAL
|b CAVAL
|c CAVAL
|d CARM 1 Store
|e B11975
|f A3:AF38B0
|h Other scheme
|i book
|m 0583146
|
| 952 |
f |
f |
|p Can circulate
|a CAVAL
|b CAVAL
|c CAVAL
|d CARM 1 Store
|e A01236
|f A2:AO04G0
|h Other scheme
|i book
|m 0116762
|